Finanční gramotnost ve školách Zlínského kraje : studijní materiály k projektu. Modul 3, Možnost investování a spoření /

Hlavní autor: Brázdilová, Petra, 1972-
Jazyk: Čeština
Vydáno: Zlín : Univerzita Tomáše Bati ve Zlíně :Obchodní akademie Tomáše Bati a Vyšší odborná škola ekonomická Zlín, 2010
Vydání: Vyd. 1.
Témata:
Externí odkaz: Digitalizovaný dokument
Fyzický popis: 47 s. ; 21 cm
Knihy
Uloženo v:
LEADER 02114nam a2200541 a 4500
001 nkc20102150333
003 CZ PrNK
005 20110503093713.0
007 ta
008 101115s2010 xr e p 000 0 cze
015 |a cnb002150333 
020 |a 978-80-7318-982-2  |q (brož.) 
035 |a (OCoLC)724293670 
040 |a BOA001  |b cze  |d ABA001 
043 |a e-xr--- 
072 7 |a 336.7  |x Finance  |2 Konspekt  |9 4 
072 7 |a 37.016  |x Učební osnovy. Vyučovací předměty. Učebnice  |2 Konspekt  |9 22 
080 |a 336.7  |2 MRF 
080 |a 336.71  |2 MRF 
080 |a 336.722.14  |2 MRF 
080 |a 336.76  |2 MRF 
080 |a (437.3)  |2 MRF 
080 |a (07)  |2 MRF 
100 1 |a Brázdilová, Petra,  |d 1972-  |7 mzk2008469371  |4 aut 
245 1 0 |a Finanční gramotnost ve školách Zlínského kraje :  |b studijní materiály k projektu.  |n Modul 3,  |p Možnost investování a spoření /  |c Petra Brázdilová 
246 3 0 |a Možnost investování a spoření 
250 |a Vyd. 1. 
260 |a Zlín :  |b Univerzita Tomáše Bati ve Zlíně :  |b Obchodní akademie Tomáše Bati a Vyšší odborná škola ekonomická Zlín,  |c 2010 
300 |a 47 s. ;  |c 21 cm 
500 |a 200 výt. 
504 |a Obsahuje bibliografické odkazy 
650 0 7 |a osobní finance  |7 ph115617  |2 czenas 
650 0 7 |a bankovnictví  |7 ph114120  |z Česko  |2 czenas 
650 0 7 |a spoření  |7 ph159589  |z Česko  |2 czenas 
650 0 7 |a finanční investování  |7 ph137283  |z Česko  |2 czenas 
650 0 9 |a personal finance  |2 eczenas 
650 0 9 |a banking  |z Czechia  |2 eczenas 
650 0 9 |a saving  |z Czechia  |2 eczenas 
650 0 9 |a financial investments  |z Czechia  |2 eczenas 
655 7 |a učební texty  |7 fd133599  |2 czenas 
655 9 |a educational texts  |2 eczenas 
856 4 1 |u http://www.digitalniknihovna.cz/mzk/uuid/uuid:1ec223b0-31a3-11e8-8cf8-005056827e52  |y Digitalizovaný dokument  |x NDK 
910 2 |a BOA001  |b 2-1258.153,3 
928 9 |a Vyšší odborná škola ekonomická Zlín 
990 |a BK 
995 |a 01 
991 |b 201102  |c NOV  |e n 
996 6 |b 2610460197  |c 2-1258.153,3  |l MZK  |r Sklad / do 1 hodiny  |n 4  |p p.v.  |w 001164639  |u 000010  |a 1  |e BOA001  |j MZK50  |s P